Name All Asia Countries - Map Quiz - Statistics

General Stats
  • This quiz has been taken 1,533 times
    1,524 since last reset
  • The average score is 43 of 48
Answers on the Map
Answers color-coded by a green-red scale on the quiz's map according to % correct below.
 
Answer Stats
Answer % Correct
China
100%
India
99%
Japan
99%
North Korea
99%
South Korea
99%
Iran
97%
Iraq
96%
Mongolia
96%
Kazakhstan
95%
Pakistan
95%
Saudi Arabia
95%
Turkey
95%
Indonesia
94%
Thailand
94%
Vietnam
94%
Philippines
93%
United Arab Emirates
93%
Afghanistan
92%
Yemen
92%
Oman
91%
Sri Lanka
91%
Taiwan
91%
Israel
90%
Nepal
90%
Laos
89%
Turkmenistan
89%
Uzbekistan
89%
Jordan
87%
Qatar
87%
Bangladesh
86%
Cyprus
86%
Malaysia
86%
Armenia
85%
Cambodia
85%
Georgia
84%
Syria
84%
Azerbaijan
83%
Myanmar
83%
Singapore
83%
Bhutan
82%
Tajikistan
82%
Kuwait
80%
Kyrgyzstan
80%
Lebanon
80%
Bahrain
77%
Maldives
76%
East Timor
70%
Brunei
69%
No matching quizzes found
Score Distribution
Percent of People with Each Score
Percentile by Number Answered
Your Score History
You have not taken this quiz since the last reset